UBT Library

A HISTORY OF POPULAR CULTURE (Record no. 15929)

000 -LEADER
fixed length control field 00271nam a22001217a 4500
008 - FIXED-LENGTH DATA ELEMENTS--GENERAL INFORMATION
fixed length control field 170605b xxu||||| |||| 00| 0 eng d
041 ## - LANGUAGE CODE
Language code of text/sound track or separate title eng
080 ## - UNIVERSAL DECIMAL CLASSIFICATION NUMBER
Universal Decimal Classification number 94
100 ## - Rafti
Rafti 18
101 ## - Shkurtesa
Shkurtesa SHH
245 ## - TITLE STATEMENT
Title A HISTORY OF POPULAR CULTURE
Statement of responsibility, etc BETTS.R.F
942 ## - ADDED ENTRY ELEMENTS (KOHA)
Source of classification or shelving scheme
Item type Books
Holdings
Withdrawn status Lost status Damaged status Not for loan Date acquired Total Checkouts Date last seen Price effective from Koha item type
        06/05/2017   06/05/2017 06/05/2017 Books
        06/05/2017   06/05/2017 06/05/2017 Books
UBT Library © 2015-2024. All rights reserved University Education for Business and Technology